ODEON : (Record no. 1659)

MARC details
000 -LEADER
fixed length control field 02681cas a2200625 a 4500
001 - CONTROL NUMBER
control field data
005 - DATE AND TIME OF LATEST TRANSACTION
control field 20260322212111.0
008 - FIXED-LENGTH DATA ELEMENTS--GENERAL INFORMATION
fixed length control field data
010 ## - LIBRARY OF CONGRESS CONTROL NUMBER
LC control number 2007202109
016 7# - NATIONAL BIBLIOGRAPHIC AGENCY CONTROL NUMBER
Record control number 989728560
Source DE-101
016 7# - NATIONAL BIBLIOGRAPHIC AGENCY CONTROL NUMBER
Record control number 2439762-3
Source DE-600
019 ## -
-- 992879223
022 ## - INTERNATIONAL STANDARD SERIAL NUMBER
International Standard Serial Number 1794-1113
023 0# - CLUSTER ISSN
Cluster ISSN 1794-1113
024 8# - OTHER STANDARD IDENTIFIER
Standard number or code eb52857572
029 1# - OTHER SYSTEM CONTROL NUMBER (OCLC)
OCLC library identifier AU@
System control number 000041677133
029 1# - OTHER SYSTEM CONTROL NUMBER (OCLC)
OCLC library identifier DEBBG
System control number BV036073825
029 1# - OTHER SYSTEM CONTROL NUMBER (OCLC)
OCLC library identifier GEBAY
System control number 11684554
029 1# - OTHER SYSTEM CONTROL NUMBER (OCLC)
OCLC library identifier GWDNB
System control number 989728560
035 ## - SYSTEM CONTROL NUMBER
System control number (OCoLC)56943865
040 ## - CATALOGING SOURCE
Original cataloging agency DLC
Language of cataloging eng
Transcribing agency DLC
Modifying agency OCLCQ
-- DLC
-- CGU
-- OCLCQ
-- DEBBG
-- GWDNB
-- OCLCQ
-- OCLCF
-- OCLCQ
-- OCLCO
-- OCLCQ
041 0# - LANGUAGE CODE
Language code of text/sound track or separate title spa
Language code of summary or abstract eng
042 ## - AUTHENTICATION CODE
Authentication code lccopycat
050 00 - LIBRARY OF CONGRESS CALL NUMBER
Classification number HG173.6.S62
Item number O34
084 ## - OTHER CLASSIFICATION NUMBER
Classification number 655
-- 330
-- 380
-- 600
-- 655
Number source zdbs
130 0# - MAIN ENTRY--UNIFORM TITLE
Uniform title ODEON (Bogotá, Colombia)
245 10 - TITLE STATEMENT
Title ODEON :
Remainder of title observatorio de economía y operaciones numéricas.
246 30 - VARYING FORM OF TITLE
Title proper/short title Observatorio de economía y operaciones numéricas
260 ## - PUBLICATION, DISTRIBUTION, ETC.
Place of publication, distribution, etc. Bogotá, Colombia :
Name of publisher, distributor, etc. Centro de Investigaciones y Proyectos Especiales (CIPE),
-- Centro de Investigaciones y Proyectos Especiales (CIPE),
Date of publication, distribution, etc. 2003-
300 ## - PHYSICAL DESCRIPTION
Extent volumes :
Other physical details illustrations ;
Dimensions 24 cm +
Accompanying material CD-ROMs
310 ## - CURRENT PUBLICATION FREQUENCY
Current publication frequency Annual
336 ## - CONTENT TYPE
Content type term text
Content type code txt
Source rdacontent
337 ## - MEDIA TYPE
Media type term unmediated
Media type code n
Source rdamedia
338 ## - CARRIER TYPE
Carrier type term volume
Carrier type code nc
Source rdacarrier
362 0# - DATES OF PUBLICATION AND/OR SEQUENTIAL DESIGNATION
Dates of publication and/or sequential designation No. 1 (2003/04)-
500 ## - GENERAL NOTE
General note Each issue has a theme title.
500 ## - GENERAL NOTE
General note Issues for <2006/07-> issued without accompanying CD-ROM.
546 ## - LANGUAGE NOTE
Language note Text in Spanish, with abstracts in English and Spanish.
588 ## - SOURCE OF DESCRIPTION NOTE
Source of description note Latest issue consulted: No. 3 (2006/07).
650 #0 - SUBJECT ADDED ENTRY--TOPICAL TERM
Topical term or geographic name entry element Finance.
650 #6 - SUBJECT ADDED ENTRY--TOPICAL TERM
Topical term or geographic name entry element Finances.
650 #7 - SUBJECT ADDED ENTRY--TOPICAL TERM
Topical term or geographic name entry element finance.
Source of heading or term aat
650 #7 - SUBJECT ADDED ENTRY--TOPICAL TERM
Topical term or geographic name entry element Finance.
Source of heading or term fast
Authority record control number or standard number (OCoLC)fst00924349
710 2# - ADDED ENTRY--CORPORATE NAME
Corporate name or jurisdiction name as entry element Universidad Externado de Colombia.
Subordinate unit Facultad de Finanzas, Gobierno y Relaciones Internacionales.
710 2# - ADDED ENTRY--CORPORATE NAME
Corporate name or jurisdiction name as entry element Universidad Externado de Colombia.
Subordinate unit Centro de Investigaciones y Proyectos Especiales.
776 08 - ADDITIONAL PHYSICAL FORM ENTRY
Relationship information Online version:
Title ODEON (Bogotá, Colombia : Online)
Record control number (OCoLC)226081064
-- (OCoLC)226081064
859 41 - LOCAL CONTROL INFORMATION (RLIN)
-- http://www.redalyc.org/revista.oa?id=532
-- http://www.redalyc.org/revista.oa?id=532
-- 0
859 4# - LOCAL CONTROL INFORMATION (RLIN)
-- http://www.redalyc.org/revista.oa?id=532
-- kostenfrei
859 4# - LOCAL CONTROL INFORMATION (RLIN)
-- http://search.ebscohost.com/
859 4# - LOCAL CONTROL INFORMATION (RLIN)
-- http://www.bibliothek.uni-regensburg.de/ezeit/?2439762
906 ## - LOCAL DATA ELEMENT F, LDF (RLIN)
a 7
b cbc
c serials
d 2
e ncip
f 20
g n-oclcserc
925 0# -
-- acquire
-- 1 shelf copy
-- policy default
955 ## - COPY-LEVEL INFORMATION (RLIN)
-- dd65 2007-04-26 to SERCAT
-- da25 2007-05-23 to MRC
Holdings
Withdrawn status Lost status Damaged status Not for loan Home library Current library Shelving location Date acquired Total checkouts Full call number Barcode Date last seen Price effective from Koha item type
        Springfield Springfield General stacks 22/03/2026   HG173.6.S62 LOC-SPL-00002 22/03/2026 22/03/2026 Books